000 00313nam a2200121Ia 4500
008 220204s9999 xx 000 0 und d
082 _a665.6
_bSPE
100 _aSpeight, James G
245 0 _aChemistry and technology of petroleum
260 _aNew York
_bMarcel Dekker
_c1980
650 _aPetroleum
942 _cBK
999 _c36086
_d36086